1716 1813 1557 1013 1025 1965 1745 1057 1345 1807 1800 1845 1650 1677 1068 1284 1104 1980 1961 1099 1931 1504 1245 1664 1864 1305 1885 1721 1433 1518 1107 1286 1900 1874 1259 1847 1037 1865 1912 1874 1999 1440 1329 1418 1558 1263 1739 1878 1816 1498 1725 1263 1696 1045 1656 1384 1098 1538 1985 1189 1893 1207 1002 1269 1836 1892 1112 1323 1284 1416 1288 1595 1624 1814 1089 1150 1455 1613 1442 1275 1649 1839 1323 1570 1531 1548 1787 1205 1275 1019 1022 1346 1527 1936 1841 1247 1378 1251 1248 BCNSPRNW ULIB Ver.6.0+V

เปลี่ยนเป็นภาษาไทย

Change to English
 แสดงรายละเอียดบรรณานุกรม
  กลับหน้าหลัก

Brief Record : Get Marc (ISO 2709) : E-mail record : QR code < ปิดหน้าต่าง
LEADER : 00000nas 2200000uu 4500
001    13399128561
003     ULIB
008    230907s||||||||th 000 0 tha d
022 0  ^a19067925
110 1  ^aวารสารพยาบาลสภากาชาดไทย
245 00 ^aวารสารพยาบาลสภากาชาดไทย/^Cสถาบันการพยาบาลศรีวรินทิรา สภากาชาดไทย
260    ^aกรุงเทพฯ :^bสถาบันการพยาบาลศรีวรินทิรา สภากาชาดไทย,^c2566
310    ^aรายสามเดือน
850 ^a ULIB^bปีที่ 16 ฉบับที่ 1 ฉ.1 ;ปีที่ 16 ฉบับที่ 2 ฉ.1 ;ปีที่ 16 ฉบับที่ 3 ฉ.1 ;ปีที่ 17 ฉบับที่ 1 ฉ.1 ;ปีที่ 17 ฉบับที่ 2 ฉ.1 ;ปีที่ 17 ฉบับที่ 3 ฉ.1 ;ปีที่ 18 ฉบับที่ 2 ฉ.1
850 ^a ULIB:campus^bปีที่ 17 ฉบับที่ 3 ฉ.1
945    ^p0^l0^i906177
945    ^p0^l0^i906257
945    ^p0^l0^i906258
945    ^p0^l0^i906327
945    ^p0^l0^i906344
945    ^p0^l0^i906400
945    ^p0^l0^i802632
945    ^p0^l0^i906456
999    ^aประนอม เกษจรัล
รายการนี้ยังไม่มีแท็ก
คุณยังไม่ได้ล็อกอิน คุณสามารถมีกิจกรรมร่วมกับเว็บไซต์ได้ แต่ต้องล็อกอินก่อน ::
  ล็อกอิน

รายการสื่อสารสนเทศ (วารสาร)

ดูแบบ: กล่อง รายการ
ARRIVED
ปีที่ 16 ฉบับที่ 1 ฉ.1
สถานที่: ห้องสมุดวิทยาเขตสวรรค์ประชารักษ์ >วารสาร
ARRIVED
ปีที่ 16 ฉบับที่ 2 ฉ.1
สถานที่: ห้องสมุดวิทยาเขตสวรรค์ประชารักษ์ >วารสาร
ARRIVED
ปีที่ 16 ฉบับที่ 3 ฉ.1
สถานที่: ห้องสมุดวิทยาเขตสวรรค์ประชารักษ์ >วารสาร
ARRIVED
ปีที่ 17 ฉบับที่ 1 ฉ.1
สถานที่: ห้องสมุดวิทยาเขตสวรรค์ประชารักษ์ >วารสาร
ARRIVED
ปีที่ 17 ฉบับที่ 2 ฉ.1
สถานที่: ห้องสมุดวิทยาเขตสวรรค์ประชารักษ์ >วารสาร
ARRIVED
ปีที่ 17 ฉบับที่ 3 ฉ.1
สถานที่: ห้องสมุดวิทยาเขตสวรรค์ประชารักษ์ >วารสารห้องสมุดวิทยาเขตนครสวรรค์ >วารสาร
ARRIVED
ปีที่ 18 ฉบับที่ 2 ฉ.1
สถานที่: ห้องสมุดวิทยาเขตสวรรค์ประชารักษ์ >วารสาร

BibComment


ยังไม่เคยถูกคอมเมนท์

คอมเมนท์ทรัพยากรรายการนี้
  คอมเมนท์: วารสารพยาบาลสภาก..


 Copyright 2026. Bcnsprnw @Library